000 00754nam a22002177a 4500
005 20100813143424.0
010 _aENG-100339
020 _a9788177356274
_c150.00
020 _a8177356275
_c150.00
035 _aEN-83871
037 _bDBAD/PUB
082 _a658.8
100 _aAmarjothi, P.
_912737
245 _aPrinciples of marketing /
_cby P. Amarjothi
260 _aChennai
_bPavai Publication
_c2008
270 _a142, Johny John Khan Salai, Royappettah
_bChennai
_e600014
300 _a272p.
_c20cm (pbk)
650 _aMarketing management
_912738
942 _2ddc
_cEN
_h658.8
_mAMA
999 _c41652
_d41652